Los gatos (y gatitos) del señor Petersand (Registro nro. 17369)
[ vista simple ]
| 000 -LDR (LÍDER) | |
|---|---|
| Campo de control de longitud fija | 01281nam a2200325 a 4500 |
| 003 - IDENTIFICADOR DEL NÚMERO DE CONTROL | |
| Campo de control | CO-PeBPR |
| 005 - FECHA Y HORA DE LA ÚLTIMA TRANSACCIÓN | |
| Campo de control | 20260413115431.0 |
| 008 - ELEMENTOS DE DATOS DE LONGITUD FIJA--INFORMACIÓN GENERAL | |
| Campo de control de longitud fija | 231210s2023 ck a|||ar|||| 00||| spa d |
| 020 ## - Código Internacional normalizado para libros | |
| Código Internacional normalizado para libros | 9786287672093 |
| 040 0# - FUENTE DE CATALOGACIÓN | |
| Agencia catalogadora original | CO-PeBPR |
| Idioma de la agencia catalogadora | spa |
| Agencia que transcribe | CO-PeBPR |
| Norma para la descripción | rda |
| 041 0# - Código del Idioma | |
| Código idioma del recurso original | spa |
| 082 04 - NÚMERO DE CLASIFICACIÓN DECIMAL DEWEY | |
| Número de clasificación | (i) 813 S634g |
| 100 1# - ASIENTO PRINCIPAL--NOMBRE PERSONAL | |
| Nombre personal | Slobodkin, Louis |
| Fechas asociadas al nombre | 1903-1975 |
| Términos de relación | autor |
| 9 (RLIN) | 279634 |
| 245 10 - MENCIÓN DE TÍTULO | |
| Título propiamente dicho | Los gatos (y gatitos) del señor Petersand |
| Mención de responsabilidad | / Louis Slobodkin ; traducción de Jennifer Feeley y Rodolfo Téllez Girón |
| 250 ## - MENCIÓN DE EDICIÓN | |
| Mención de edición | Edición especial |
| 264 ## - Área de la Producción Publicación, Distribución, Manufactura, etc. | |
| Lugar de publicación, distribución, etc. | Bogotá, Colombia |
| Nombre de la editorial, distribuidor, etc. | : Loqueleo |
| Fecha de publicación, distribución, etc. | , 2023 |
| 300 ## - DESCRIPCIÓN FÍSICA | |
| Extensión | 71 páginas |
| Otros detalles físicos | : ilustraciones a color |
| Dimensiones | ; 26 centímetros |
| 336 ## - Tipo de Contenido | |
| Tipo de contenido | texto |
| Código de tipo de contenido | txt |
| 337 ## - Tipo de Medio | |
| Tipo de Medio | sin mediación |
| Código de tipo de medio | n |
| Fuente | rdamedia |
| 338 ## - Tipo de Soporte | |
| Tipo de soporte | volumen |
| Código de tipo de soporte | nc |
| Fuente | rdacarrier |
| 521 ## - NOTA DE AUDIENCIA | |
| Nota de audiencia | Recomendado para un público infantil a partir de los 6 años |
| 534 ## - NOTA DE VERSION ORIGINAL | |
| Título del documento en el idioma original | Mr. Petersand's Cats (and Kittens) |
| 650 14 - ASIENTO SECUNDARIO DE MATERIA - TÉRMINO TEMÁTICO | |
| Fuente del encabezado o término | LEMB |
| Encabezamiento temático | Cuentos infantiles estadounidenses |
| Subdivisión cronológica | Siglo XX |
| 9 (RLIN) | 1534 |
| 650 14 - ASIENTO SECUNDARIO DE MATERIA - TÉRMINO TEMÁTICO | |
| Fuente del encabezado o término | LEMB |
| Encabezamiento temático | Literatura infantil estadounidense |
| Subdivisión cronológica | Siglo XX |
| 9 (RLIN) | 6137 |
| 650 14 - ASIENTO SECUNDARIO DE MATERIA - TÉRMINO TEMÁTICO | |
| Fuente del encabezado o término | LEMB |
| Encabezamiento temático | Misterio en la literatura |
| 9 (RLIN) | 279635 |
| 650 14 - ASIENTO SECUNDARIO DE MATERIA - TÉRMINO TEMÁTICO | |
| Fuente del encabezado o término | LEMB |
| Encabezamiento temático | Gatos en la literatura |
| 9 (RLIN) | 279636 |
| 700 1# - ASIENTO SECUNDARIO - NOMBRE PERSONAL | |
| Nombre personal | Feeley, Jennifer |
| Término de relación, rol en la obra | traductora |
| 9 (RLIN) | 279637 |
| 700 1# - ASIENTO SECUNDARIO - NOMBRE PERSONAL | |
| Nombre personal | Téllez Girón, Rodolfo |
| Término de relación, rol en la obra | traductor |
| 9 (RLIN) | 279638 |
| 942 ## - ENTRADA DE ELEMENTOS AGREGADOS (KOHA | |
| Fuente de clasificación o esquema de estantería. | Dewey Decimal Classification |
| Tipo de ítem | Literatura Infantil |
| Estado de pérdida | Fuente del sistema de clasificación o colocación | Estado de daño | No disponible para préstamo | Colección | Biblioteca de origen | Biblioteca actual | Ubicación en estantería | Signatura topográfica completa | Ejemplar | Código de barras | Tipo de ítem | Fecha de adquisición | Fuente de adquisición | Total de pagos | Fecha de la última vez visto |
|---|---|---|---|---|---|---|---|---|---|---|---|---|---|---|---|
| Dewey Decimal Classification | Infantil | Biblioteca Pública Departamental Comfamiliar Risaralda | Biblioteca Pública Departamental Comfamiliar Risaralda | Área Infantil | (i) 813 S634g | Ej.1 | RIBPD15311 | Literatura Infantil | 13/04/2026 | Dotación MinCultura y BNC | 13/04/2026 | ||||
| Dewey Decimal Classification | Infantil | Biblioteca Pública Municipal Isaías Naranjo Ríos | Biblioteca Pública Municipal Isaías Naranjo Ríos | Área Infantil | C SLO14 | Ej.1 | API01 - 4162 | Literatura Infantil | 03/02/2025 | Dotación MinCultura y BNC | 06/02/2025 | ||||
| Dewey Decimal Classification | Infantil | Biblioteca Pública Municipal Juan XXIII | Biblioteca Pública Municipal Juan XXIII | Área Infantil | C SLO14 | Ej.1 | BAL02-4449 | Literatura Infantil | 18/02/2025 | Dotación MinCultura y BNC | 18/02/2025 |